Mercado de capitales (Registro nro. 2377)

Detalles MARC
000 -LEADER
fixed length control field 01201 a2200253 4500
001 - CONTROL NUMBER
control field 33636
005 - DATE AND TIME OF LATEST TRANSACTION
control field 20260407155627.0
008 - FIXED-LENGTH DATA ELEMENTS--GENERAL INFORMATION
fixed length control field 260407a2013 arg spa d
003 - CONTROL NUMBER IDENTIFIER
control field AR-UNSa-BCEJYS
040 ## - CATALOGING SOURCE
Original cataloging agency AR-UNSa-BCEJYS
Language of cataloging spa
Transcribing agency AR-UNSa-BCEJYS
080 ## - UNIVERSAL DECIMAL CLASSIFICATION NUMBER
Universal Decimal Classification number 336.76
Common auxiliary subdivision Bolsa. Mercado del dinero. Mercado del capital
020 ## - INTERNATIONAL STANDARD BOOK NUMBER
International Standard Book Number 978-987-1806-19-5
041 ## - LANGUAGE CODE
Language code of text/sound track or separate title spa
100 1# - MAIN ENTRY--PERSONAL NAME
Personal name Tapia, Gustavo N.
245 10 - TITLE STATEMENT
Title Mercado de capitales
Name of part/section of a work interpretación y actuación
264 #1 - PRODUCTION, PUBLICATION, DISTRIBUTION, MANUFACTURE, AND COPYRIGHT NOTICE
Place of production, publication, distribution, manufacture Buenos Aires :
Name of producer, publisher, distributor, manufacturer Omicron System
Date of production, publication, distribution, manufacture, or copyright notice 2013
300 ## - PHYSICAL DESCRIPTION
Extent 319 p.
Dimensions 23 cm.
505 ## - FORMATTED CONTENTS NOTE
Formatted contents note 1. Mercado de capitales y sistemas financieros - 2. Inversores institucionales y calificadoras de riesgo - 3. Renta fija. Bonos - 4. Renta variable. Acciones - 5. Instrumentos financieros - 6. Fideicomisos - 7. Instrumentos derivados - 8. Carteras de inversión - 9. Estructura de capital - 10. Instrumentos financieros híbridos - 11. Fusiones y adquisiciones - 12. Finanzas internacionales
590 ## - LOCAL NOTE (RLIN)
Local note niveau_biblio:m niveau_hierar:0
700 1# - ADDED ENTRY--PERSONAL NAME
Personal name Cuniolo, Carlos
700 1# - ADDED ENTRY--PERSONAL NAME
Personal name Planas, Sebastián
856 41 - ELECTRONIC LOCATION AND ACCESS
Uniform Resource Identifier <a href="https://biblioeco.unsa.edu.ar/pmb/images/libros/mercado_capitales.jpg">https://biblioeco.unsa.edu.ar/pmb/images/libros/mercado_capitales.jpg</a>
Link text Imagen de portada
Electronic format type image/jpeg
942 ## - ADDED ENTRY ELEMENTS (KOHA)
Koha item type
Existencias
Withdrawn status Lost status Damaged status Not for loan Home library Current library Shelving location Date acquired Total checkouts Full call number Barcode Date last seen Price effective from Koha item type
        Biblioteca Prof. Eusebio Cleto del Rey Biblioteca Prof. Eusebio Cleto del Rey   07/04/2026   336.76 T172 L125352 07/04/2026 07/04/2026 Libro
        Biblioteca Prof. Eusebio Cleto del Rey Biblioteca Prof. Eusebio Cleto del Rey   07/04/2026   336.76 T172 L125353 07/04/2026 07/04/2026 Libro
        Biblioteca Prof. Eusebio Cleto del Rey Biblioteca Prof. Eusebio Cleto del Rey   07/04/2026   336.76 T172 L125354 07/04/2026 07/04/2026 Libro
        Biblioteca Prof. Eusebio Cleto del Rey Biblioteca Prof. Eusebio Cleto del Rey   07/04/2026   336.76 T172 L126133 07/04/2026 07/04/2026 Libro
        Biblioteca Prof. Eusebio Cleto del Rey Biblioteca Prof. Eusebio Cleto del Rey   07/04/2026   336.76 T172 L126134 07/04/2026 07/04/2026 Libro
        Biblioteca Prof. Eusebio Cleto del Rey Biblioteca Prof. Eusebio Cleto del Rey   07/04/2026   336.76 T172 L126135 07/04/2026 07/04/2026 Libro